CORE PYTHON PROGRAMMING (Record no. 8110)

MARC details
000 -LEADER
fixed length control field 00469nam a22001817a 4500
005 - DATE AND TIME OF LATEST TRANSACTION
control field 20230111132902.0
008 - FIXED-LENGTH DATA ELEMENTS--GENERAL INFORMATION
fixed length control field 221219b |||||||| |||| 00| 0 eng d
020 ## - INTERNATIONAL STANDARD BOOK NUMBER
ISBN 978-9390457-15-1
041 ## - LANGUAGE CODE
Language code of text/sound track or separate title eng
082 ## - DEWEY DECIMAL CLASSIFICATION NUMBER
Classification number 005.133 RAO -C
100 ## - MAIN ENTRY--AUTHOR NAME
Personal name RAO, Dr. R. NAGESWARA
245 ## - TITLE STATEMENT
Title CORE PYTHON PROGRAMMING
250 ## - EDITION STATEMENT
Edition statement 3rd ed.
260 ## - PUBLICATION, DISTRIBUTION, ETC. (IMPRINT)
Place of publication NEW DELHI
Name of publisher DREAMTECH PRESS
Year of publication 2021
300 ## - PHYSICAL DESCRIPTION
Number of Pages 765;P.
650 ## - SUBJECT ADDED ENTRY--TOPICAL TERM
Topical Term INFORMATION TECHNOLOGY
942 ## - ADDED ENTRY ELEMENTS (KOHA)
Koha item type Books
Holdings
Lost status Damaged status Collection code Home library Current library Shelving location Date acquired Source of acquisition Cost, normal purchase price Full call number Accession Number Koha item type
    Reference JRU Library JRU Library SHELF-7-C-RB 25/10/2022 LOHIA BOOK INTERNATIONAL 775.00 005.133-RAO -C 27064 Books
    CS/IT JRU Library JRU Library SHELF-50-E 25/10/2022 PURCHASE 775.00 005.133 27065 Books
    CS/IT JRU Library JRU Library SHELF-50-E 25/10/2022 PURCHASE 775.00 005.133 27066 Books
    CS/IT JRU Library JRU Library SHELF-50-E 25/10/2022 LOHIA BOOK INTERNATIONAL 775.00 005.133-RAO -C 27067 Books
    CS/IT JRU Library JRU Library SHELF-50-E 25/10/2022 LOHIA BOOK INTERNATIONAL 775.00 005.133-RAO -C 27068 Books